Movie Fights: Round 2! Quiz Stats

 Plays Quiz Updated Jan 28, 2018

Score 0/25 Timer 07:00
0 Plays Today
% Correct
Star Wars: Attack of the Clones
96.6%
Avengers: Age of Ultron
93.7%
The Incredible Hulk
93.6%
X-Men: Days of Future Past
93.2%
300
92.6%
X-Men Origins: Wolverine
92%
The Lion King
90.8%
Indiana Jones and the Last Crusade
89.5%
Taken 3
89.4%
Transformers: Dark of the Moon
89.1%
Kill Bill Vol. 2
87.4%
The Dark Knight Rises
74.7%
Fast Five
69%
% Correct
Kingsman: The Secret Service
62%
Watchmen
57.8%
Johnny English Reborn
47.4%
Die Another Day
42.7%
The Great Mouse Detective
39%
Bloodsport
38.7%
The Tuxedo
35.8%
Spy
35.3%
Warrior
34.2%
The Rundown
30.2%
Legend
23.7%
They Live!
22%

You're not logged in!

Compare scores with friends on all Sporcle quizzes.
OR
Log In

You Might Also Like...

Show Comments

Extras

Top Quizzes Today


Score Distribution

Your Account Isn't Verified!

In order to create a playlist on Sporcle, you need to verify the email address you used during registration. Go to your Sporcle Settings to finish the process.

Report this User

Report this user for behavior that violates our Community Guidelines.

Details: